Statistics for Fast Typing Random Letters

Click here to take the quiz!

General Stats

  • This quiz has been taken 423 times
  • The average score is 20 of 26

Answer Stats

HintAnswer% Correct
xx
100%
jj
98%
ii
97%
ff
96%
rr
94%
ss
92%
uu
92%
bb
91%
tt
90%
kk
88%
oo
86%
gg
84%
dd
83%
hh
78%
nn
76%
pp
73%
vv
69%
mm
65%
ww
62%
aa
60%
qq
55%
ee
51%
cc
50%
ll
43%
yy
41%
zz
40%

Score Distribution

Percentile by Number Answered

Percent of People with Each Score

Your Score History

You have not taken this quiz